| 000 | 00546nam a2200181Ia 4500 | ||
|---|---|---|---|
| 005 | 20250923145826.0 | ||
| 008 | 008 250917s9999 xx 000 0 eng d | ||
| 037 | _aReports | ||
| 040 |
_aDSWL _beng _cDSWL |
||
| 041 |
_aeng _2eng |
||
| 084 | _qDSWL | ||
| 100 |
_aMane, P.N. _9839318 |
||
| 245 | 0 |
_aReport of the workshop on community: Mental Health: The rule of child guidance clinic (10-12 April 1989) _cby P.N.Mane |
|
| 260 |
_aBombay . _bT.I.S.S. _c1989 |
||
| 700 |
_a F. Italia _9839319 |
||
| 942 | _cREP | ||
| 999 |
_c1456164 _d1456164 |
||